Svet ukrytý v podzemí

Podrobná bibliografia
Hlavní autori: Bednárová, Silvia, 1975- (Autor), Bednár, Radovan, 1972- (Autor), Ondrus, Peter, 1977- (Autor)
Médium: Kniha
Jazyk:slovenčina
Fyzický popis:199 s. fareb. fotogr. 17 x 24 cm
Vydavateľské údaje: Bratislava Spolok pre montánny výskum 2014
ISBN:9788097128814 (brož.)
Predmet:

MARC

LEADER 00000nam a2200000 a 4500
001 vtls010646452
003 SK-MaSNL
005 20260301220523.0
008 160430s2014 xo o g 000 0 slo
015 |a SNBA2015/02 
020 |a 9788097128814 (brož.) 
035 |a 207A7697-A592-4269-933A-CE5447F08D50 
035 |a urn:nbn:sk:snk-amjpqe 
035 |a urn:nbn:sk:snk-am001t2b 
040 |a SNK  |b slo  |c SNK  |e AACR2 
041 0 |a slo 
043 |a e-xo--- 
044 |a xo  |c SK 
072 7 |a 913(437)  |x Geografia Česka a Slovenska, reálie, cestovanie  |2 konspekt 
072 7 |a 904  |x Kultúrne pamiatky historického obdobia všeobecne  |2 konspekt 
080 |a 624.19  |2 2001 
080 |a 622.26  |2 2001 
080 |a 553.3/.4  |2 2001 
080 |a 908(437.6)  |2 2001 
080 |a (084.12)  |2 2001 
080 |a 69.035.4  |2 2001 
100 1 |a Bednárová, Silvia,  |d 1975-  |4 aut  |9 179229 
245 1 0 |a Svet ukrytý v podzemí  |c [autori: Silvia Bednárová, Radovan Bednár, Peter Ondrus] 
260 |a Bratislava  |b Spolok pre montánny výskum  |c 2014 
300 |a 199 s.  |b fareb. fotogr.  |c 17 x 24 cm 
504 |a Bibliogr.: s. 196-199 
650 0 7 |a štôlne  |2 SNKPH  |9 69940 
650 0 7 |a rudné ložiská  |2 SNKPH  |9 22770 
650 0 7 |a Uderground corridors  |2 SNKPHeng  |9 607783 
650 0 7 |a Mine roadways  |2 SNKPHeng  |9 333976 
650 0 7 |a Ore deposits  |2 SNKPHeng  |9 333977 
650 0 7 |a podzemné chodby  |2 SNKPH  |9 74844 
650 0 7 |a podzemné priestory  |2 SNKPH  |9 107093 
650 0 7 |a Underground areas  |2 SNKPHeng  |9 331789 
651 7 |a Slovensko  |x vlastiveda  |2 SNKPH  |9 265825 
651 7 |a Slovakia  |x history and geography  |2 SNKPHeng  |9 265826 
655 7 |a fotografické publikácie  |2 SNKPH  |9 70483 
655 7 |a Photographical works  |2 SNKPHeng  |9 278887 
700 1 |a Bednár, Radovan,  |d 1972-  |4 aut  |9 179231 
700 1 |a Ondrus, Peter,  |d 1977-  |4 aut  |9 179230 
919 |a 978-80-971288-1-4 
958 |a NB 
999 |c 932108  |d 934038 
952 |a SNK  |b SNK  |y PREZ  |7 0  |p 17A1134494  |o snkSD 83817  |i snk2015/774   |8 0  |0 0  |1 0  |4 0  |d 2015-01-13  |f 1  |l 0  |r 2017-06-30 00:00:00  |w 2026-02-24 
952 |a SNK  |b SNK  |y VYP  |7 0  |p 17A1159174  |o snkSD 83817 D1  |i snk2015/17372  |8 0  |0 0  |1 0  |4 0  |d 2015-06-02  |l 0  |r 2017-06-30 00:00:00  |w 2026-02-24